Statistiken für Alle Städte und Gemeinden in Bayern

Klicken Sie hier um das Quiz zu spielen!

Allgemein

  • Dieses Quiz wurde 3.836 mal gespielt
  • Das Durchschnittsergebnis liegt bei 174 aus 2056

Antworten auf der Karte

Die Antworten werden auf der Karte rot bzw. grün angezeigt, abhängig davon wie oft sie richtig erraten wurden.
 

Antwortstatistiken

LandkreisGemeinde% Korrekt
(kreisfreie Stadt)München
88%
FreisingAu i.d.Hallertau
83%
(kreisfreie Stadt)Nürnberg
83%
(kreisfreie Stadt)Augsburg
78%
RegenRegen
75%
LandshutFurth
74%
(kreisfreie Stadt)Fürth
74%
ChamFurth im Wald
74%
(kreisfreie Stadt)Regensburg
74%
(kreisfreie Stadt)Passau
73%
(kreisfreie Stadt)Würzburg
72%
Straubing-BogenAscha
71%
(kreisfreie Stadt)Bamberg
70%
(kreisfreie Stadt)Ingolstadt
70%
(kreisfreie Stadt)Aschaffenburg
69%
(kreisfreie Stadt)Hof
69%
(kreisfreie Stadt)Bayreuth
68%
(kreisfreie Stadt)Rosenheim
68%
(kreisfreie Stadt)Erlangen
67%
Garmisch-PartenkirchenGarmisch-Partenkirchen
66%
(kreisfreie Stadt)Landshut
64%
(kreisfreie Stadt)Ansbach
63%
(kreisfreie Stadt)Kempten (Allgäu)
63%
(kreisfreie Stadt)Coburg
61%
Neu-UlmNeu-Ulm
61%
(kreisfreie Stadt)Schweinfurt
61%
(kreisfreie Stadt) | UnterallgäuAmberg
58%
DachauDachau
58%
ErdingErding
58%
Lindau (Bodensee)Lindau (Bodensee)
58%
(kreisfreie Stadt)Memmingen
58%
RothRoth
57%
Rhön-GrabfeldBad Neustadt a.d.Saale
56%
FreisingFreising
55%
Neustadt a.d.Aisch-Bad WindsheimNeustadt a.d.Aisch
55%
KelheimNeustadt a.d.Donau
55%
Neustadt a.d.WaldnaabNeustadt a.d.Waldnaab
55%
Main-SpessartNeustadt a.Main
55%
Neustadt a.d.WaldnaabNeustadt am Kulm
55%
CoburgNeustadt b.Coburg
55%
StarnbergStarnberg
55%
(kreisfreie Stadt)Straubing
55%
Berchtesgadener LandBerchtesgaden
53%
(kreisfreie Stadt)Kaufbeuren
52%
(kreisfreie Stadt)Weiden i.d.OPf.
52%
Bad Tölz-WolfratshausenBad Tölz
50%
ChamCham
50%
DeggendorfDeggendorf
50%
Landsberg am LechRott
50%
RosenheimRott a.Inn
50%
FürstenfeldbruckFürstenfeldbruck
49%
Neumarkt i.d.OPf.Neumarkt i.d.OPf.
49%
Mühldorf a.InnNeumarkt-Sankt Veit
49%
TraunsteinTraunstein
48%
Landsberg am LechLandsberg am Lech
47%
Hof | StarnbergBerg
45%
Neumarkt i.d.OPf.Berg b.Neumarkt i.d.OPf.
45%
Neuburg-SchrobenhausenBerg im Gau
45%
UnterallgäuMarkt Wald
45%
DachauPfaffenhofen a.d.Glonn
45%
Pfaffenhofen a.d.IlmPfaffenhofen a.d.Ilm
45%
Neu-UlmPfaffenhofen a.d.Roth
45%
(kreisfreie Stadt)Schwabach
45%
Cham | OstallgäuWald
45%
Bad KissingenBad Kissingen
44%
Landsberg am LechWeil
44%
AltöttingAltötting
43%
Dingolfing-LandauDingolfing
43%
OstallgäuFüssen
43%
GünzburgGünzburg
43%
KulmbachKulmbach
42%
Neuburg-SchrobenhausenNeuburg a.d.Donau
42%
GünzburgNeuburg a.d.Kammel
42%
PassauNeuburg a.Inn
42%
Donau-RiesDonauwörth
41%
EichstättEichstätt
41%
FürthStein
41%
MünchenUnterhaching
41%
ForchheimForchheim
40%
KitzingenKitzingen
40%
MiesbachMiesbach
40%
OberallgäuOberstdorf
40%
SchwandorfSchwandorf
40%
Weilheim-SchongauWeilheim i.OB
40%
PassauAicha vorm Wald
39%
Dillingen a.d.DonauDillingen a.d.Donau
39%
Dingolfing-LandauLandau a.d.Isar
39%
Freyung-GrafenauFreyung
38%
Mühldorf a.InnMühldorf a.Inn
38%
TirschenreuthTirschenreuth
38%
Weißenburg-GunzenhausenWeißenburg i.Bay.
38%
Aichach-FriedbergAichach
37%
EbersbergEbersberg
37%
LichtenfelsLichtenfels
37%
MiltenbergSulzbach a.Main
37%
Amberg-SulzbachSulzbach-Rosenberg
37%
Bad Tölz-WolfratshausenWolfratshausen
37%
KronachKronach
36%
MiltenbergMiltenberg
36%
Berchtesgadener LandBad Reichenhall
35%
AltöttingBurghausen
35%
KelheimKelheim
35%
Neu-UlmBuch
34%
ErdingBuch a.Buchrain
34%
LandshutBuch a.Erlbach
34%
AnsbachBuch a.Wald
34%
Aichach-FriedbergFriedberg
34%
AltöttingGarching a.d.Alz
34%
MünchenGarching b.München
34%
Nürnberger LandLauf a.d.Pegnitz
34%
AnsbachRothenburg ob der Tauber
34%
Weißenburg-GunzenhausenGunzenhausen
33%
Erlangen-HöchstadtHöchstadt a.d.Aisch
33%
Dillingen a.d.DonauHöchstädt a.d.Donau
33%
LichtenfelsHochstadt a.Main
33%
Wunsiedel i.FichtelgebirgeHöchstädt i.Fichtelgebirge
33%
Wunsiedel i.FichtelgebirgeWunsiedel
33%
Freyung-GrafenauGrafenau
32%
Straubing-BogenBogen
31%
Donau-RiesNördlingen
31%
Weilheim-SchongauSchongau
31%
MünchenUnterschleißheim
31%
RosenheimChiemsee
30%
DeggendorfMoos
30%
RosenheimPrien a.Chiemsee
30%
Aichach-FriedbergRied
30%
Neuburg-SchrobenhausenSchrobenhausen
30%
OberallgäuSonthofen
30%
RosenheimBad Aibling
29%
Nürnberger LandFeucht
29%
MünchenOberhaching
29%
MiesbachTegernsee
29%
FürstenfeldbruckGermering
28%
HaßbergeHaßfurt
28%
Erlangen-HöchstadtHerzogenaurach
28%
FürstenfeldbruckOlching
28%
UnterallgäuEgg a.d.Günz
27%
Berchtesgadener LandFreilassing
27%
WürzburgKirchheim
27%
MünchenKirchheim b.München
27%
UnterallgäuKirchheim i.Schw.
27%
Garmisch-PartenkirchenMittenwald
27%
Garmisch-PartenkirchenOberammergau
27%
MünchenOberschleißheim
27%
TraunsteinTraunreut
27%
RosenheimWasserburg a.Inn
27%
Lindau (Bodensee)Wasserburg (Bodensee)
27%
Neustadt a.d.Aisch-Bad WindsheimBad Windsheim
26%
Neu-UlmIllertissen
26%
Garmisch-PartenkirchenMurnau a.Staffelsee
26%
Bad Tölz-WolfratshausenGeretsried
25%
Forchheim | Kelheim | Miltenberg | Rhön-GrabfeldHausen
25%
WürzburgHausen b.Würzburg
25%
MünchenIsmaning
25%
EbersbergVaterstetten
25%
ErdingWörth
25%
RegensburgWörth a.d.Donau
25%
LandshutWörth a.d.Isar
25%
MiltenbergWörth a.Main
25%
ChamZell
25%
WürzburgZell a.Main
25%
HofZell im Fichtelgebirge
25%
LandshutAltdorf
24%
Nürnberger LandAltdorf b.Nürnberg
24%
Miesbach | WürzburgHolzkirchen
24%
AugsburgKönigsbrunn
24%
StarnbergTutzing
24%
FürthZirndorf
24%
AnsbachDinkelsbühl
23%
MünchenHaar
23%
StarnbergHerrsching a.Ammersee
23%
Aichach-FriedbergKissing
23%
Wunsiedel i.FichtelgebirgeMarktredwitz
23%
UnterallgäuMindelheim
23%
AltöttingNeuötting
23%
Rottal-InnSchönau
23%
Rhön-GrabfeldSchönau a.d.Brend
23%
Berchtesgadener LandSchönau a.Königssee
23%
Garmisch-PartenkirchenUnterammergau
23%
EbersbergBruck
22%
SchwandorfBruck i.d.OPf.
22%
RegensburgBrunn
22%
ErdingDorfen
22%
MiesbachGmund a.Tegernsee
22%
Bad Tölz-WolfratshausenLenggries
22%
FreisingMoosburg a.d.Isar
22%
Garmisch-PartenkirchenOberau
22%
MünchenOttobrunn
22%
BayreuthPegnitz
22%
EbersbergPoing
22%
TraunsteinReit im Winkl
22%
TraunsteinRuhpolding
22%
MünchenUnterföhring
22%
LandshutVilsbiburg
22%
PassauVilshofen an der Donau
22%
RegensburgBach a.d.Donau
21%
München | Straubing-BogenFeldkirchen
21%
RosenheimFeldkirchen-Westerham
21%
MünchenGrünwald
21%
OberallgäuImmenstadt i.Allgäu
21%
FreisingNeufahrn b.Freising
21%
LandshutNeufahrn i.NB
21%
WürzburgOchsenfurt
21%
DeggendorfPlattling
21%
PassauPocking
21%
StarnbergPöcking
21%
Amberg-Sulzbach | OstallgäuRieden
21%
OstallgäuRieden am Forggensee
21%
RothRohr
21%
KelheimRohr i.NB
21%
LandshutRottenburg a.d.Laaber
21%
Wunsiedel i.FichtelgebirgeSelb
21%
Mühldorf a.InnAschau a.Inn
20%
RosenheimAschau i.Chiemgau
20%
UnterallgäuBad Wörishofen
20%
Traunstein | Weißenburg-GunzenhausenBergen
20%
AnsbachFeuchtwangen
20%
Main-SpessartLohr a.Main
20%
Rottal-InnPfarrkirchen
20%
MiesbachSchliersee
20%
KelheimAbensberg
19%
DachauAltomünster
19%
MünchenAying
19%
LichtenfelsBad Staffelstein
19%
MiesbachBayrischzell
19%
Rottal-InnEggenfelden
19%
EbersbergGrafing b.München
19%
DachauKarlsfeld
19%
RosenheimKiefersfelden
19%
Berchtesgadener LandLaufen
19%
OstallgäuMarktoberdorf
19%
EbersbergMarkt Schwaben
19%
AschaffenburgWiesen
19%
RegenZwiesel
19%
AschaffenburgAlzenau
18%
MünchenAschheim
18%
WürzburgAub
18%
PassauBad Füssing
18%
RegenBodenmais
18%
Landsberg am LechDießen am Ammersee
18%
Freising | LandshutEching
18%
Landsberg am LechEching am Ammersee
18%
TraunsteinInzell
18%
Main-SpessartKarlstadt
18%
Straubing-BogenNeukirchen
18%
SchwandorfNeukirchen-Balbini
18%
ChamNeukirchen b.Hl.Blut
18%
Amberg-SulzbachNeukirchen b.Sulzbach-Rosenberg
18%
PassauNeukirchen vorm Wald
18%
OstallgäuPfronten
18%
MiesbachRottach-Egern
18%
OstallgäuSchwangau
18%
OberallgäuBad Hindelang
17%
RosenheimBernau a.Chiemsee
17%
StarnbergGauting
17%
MünchenGräfelfing
17%
KelheimMainburg
17%
Nürnberger LandNeuhaus a.d.Pegnitz
17%
PassauNeuhaus a.Inn
17%
RosenheimOberaudorf
17%
MünchenPullach i.Isartal
17%
KelheimSaal a.d.Donau
17%
Rhön-GrabfeldSaal a.d.Saale
17%
AugsburgSchwabmünchen
17%
Neu-UlmSenden
17%
Mühldorf a.Inn | MünchenTaufkirchen
17%
ErdingTaufkirchen (Vils)
17%
TraunsteinÜbersee
17%
Mühldorf a.InnWaldkraiburg
17%
Aichach-FriedbergAdelzhausen
16%
StarnbergAndechs
16%
Bad KissingenAura a.d.Saale
16%
Main-SpessartAura i.Sinngrund
16%
SchwandorfBurglengenfeld
16%
Garmisch-PartenkirchenEttal
16%
OberallgäuFischen i.Allgäu
16%
RothGreding
16%
RothHilpoltstein
16%
ErdingKirchberg
16%
RegenKirchberg i.Wald
16%
Kelheim | Mühldorf a.InnKirchdorf
16%
FreisingKirchdorf a.d.Amper
16%
Rottal-InnKirchdorf a.Inn
16%
RegenKirchdorf i.Wald
16%
Bad Tölz-WolfratshausenKochel a.See
16%
RosenheimKolbermoor
16%
MiesbachKreuth
16%
HofMünchberg
16%
DachauOdelzhausen
16%
RegensburgRegenstauf
16%
Rottal-InnReut
16%
TraunsteinSeeon-Seebruck
16%
FreisingWang
16%
Rottal-InnBad Birnbach
15%
PassauBad Griesbach i.Rottal
15%
OberallgäuBalderschwang
15%
EichstättBeilngries
15%
OstallgäuBuchloe
15%
HaßbergeEbern
15%
Garmisch-PartenkirchenFarchant
15%
Bad KissingenHammelburg
15%
StarnbergInning a.Ammersee
15%
ErdingInning a.Holz
15%
EbersbergKirchseeon
15%
GünzburgKrumbach (Schwaben)
15%
MiltenbergNeunkirchen
15%
ForchheimNeunkirchen a.Brand
15%
Nürnberger LandNeunkirchen a.Sand
15%
Neumarkt i.d.OPf.Parsberg
15%
Weilheim-SchongauPenzberg
15%
FürstenfeldbruckPuchheim
15%
Donau-Ries | Straubing-BogenRain
15%
Berchtesgadener LandRamsau b.Berchtesgaden
15%
ChamRoding
15%
Rhön-GrabfeldSalz
15%
Dingolfing-LandauSimbach
15%
Rottal-InnSimbach a.Inn
15%
Weißenburg-GunzenhausenTreuchtlingen
15%
Neu-Ulm | Weilheim-SchongauAltenstadt
14%
Neustadt a.d.WaldnaabAltenstadt a.d.Waldnaab
14%
KelheimBad Abbach
14%
MiesbachBad Wiessee
14%
MünchenBrunnthal
14%
KitzingenGeiselwind
14%
Main-SpessartGemünden a.Main
14%
StarnbergGilching
14%
Garmisch-PartenkirchenGrainau
14%
BayreuthHaag
14%
FreisingHaag a.d.Amper
14%
Mühldorf a.InnHaag i.OB
14%
FreisingHallbergmoos
14%
Nürnberger LandHersbruck
14%
BambergHirschaid
14%
Garmisch-PartenkirchenKrün
14%
AltöttingMarktl
14%
HofNaila
14%
MünchenNeubiberg
14%
Neuburg-Schrobenhausen | Weilheim-SchongauOberhausen
14%
OberallgäuOberstaufen
14%
DachauPetershausen
14%
MünchenSchäftlarn
14%
Straubing-BogenSteinach
14%
WürzburgVeitshöchheim
14%
RegenViechtach
14%
TraunsteinWaging a.See
14%
Freyung-GrafenauWaldkirchen
14%
HaßbergeZeil a.Main
14%
EbersbergZorneding
14%
AnsbachAurach
13%
RosenheimBad Endorf
13%
ChamBad Kötzting
13%
RegenBayerisch Eisenstein
13%
Neumarkt i.d.OPf.Berching
13%
DachauBergkirchen
13%
GünzburgBurgau
13%
TraunsteinChieming
13%
Aichach-FriedbergDasing
13%
KitzingenDettelbach
13%
Neustadt a.d.WaldnaabGrafenwöhr
13%
Landsberg am LechKaufering
13%
Pfaffenhofen a.d.IlmManching
13%
DachauMarkt Indersdorf
13%
DeggendorfMetten
13%
SchwandorfNabburg
13%
OstallgäuNesselwang
13%
RegensburgNeutraubling
13%
DeggendorfOsterhofen
13%
UnterallgäuOttobeuren
13%
Weilheim-SchongauPeiting
13%
MünchenPlanegg
13%
Neumarkt i.d.OPf.Postbauer-Heng
13%
MünchenPutzbrunn
13%
MünchenSauerlach
13%
Weilheim-SchongauSeeshaupt
13%
TraunsteinTittmoning
13%
FreisingAllershausen
12%
Rhön-GrabfeldBad Königshofen i.Grabfeld
12%
Weilheim-SchongauBöbing
12%
RosenheimBrannenburg
12%
Weilheim-SchongauBurggen
12%
ForchheimEbermannstadt
12%
LandshutErgolding
12%
MiltenbergErlenbach a.Main
12%
Main-SpessartErlenbach b.Marktheidenfeld
12%
StarnbergFeldafing
12%
Landsberg am LechGeltendorf
12%
AugsburgGersthofen
12%
EbersbergGlonn
12%
FürstenfeldbruckGröbenzell
12%
MünchenHöhenkirchen-Siegertsbrunn
12%
KitzingenIphofen
12%
GünzburgKötz
12%
ChamLam
12%
FürstenfeldbruckMaisach
12%
Aichach-FriedbergMering
12%
AugsburgNeusäß
12%
AnsbachSachsen b.Ansbach
12%
Straubing-BogenSchwarzach
12%
KitzingenSchwarzach a.Main
12%
SchwandorfSchwarzach b.Nabburg
12%
KitzingenVolkach
12%
ChamWaldmünchen
12%
SchweinfurtWerneck
12%
RegensburgWiesent
12%
RothAllersberg
11%
MiltenbergAmorbach
11%
Bad KissingenBad Brückenau
11%
MünchenBaierbrunn
11%
DeggendorfBernried
11%
Weilheim-SchongauBernried am Starnberger See
11%
Berchtesgadener LandBischofswiesen
11%
AugsburgBobingen
11%
AltöttingBurgkirchen a.d.Alz
11%
Bad Tölz-WolfratshausenDietramszell
11%
RegensburgDonaustauf
11%
MiesbachFischbachau
11%
PassauHauzenberg
11%
AschaffenburgKahl a.Main
11%
RegensburgLaaber
11%
FürstenfeldbruckMammendorf
11%
Main-SpessartMarktheidenfeld
11%
MünchenNeuried
11%
RosenheimRaubling
11%
Nürnberger LandSchwaig b.Nürnberg
11%
StarnbergSeefeld
11%
DachauSulzemoos
11%
Rottal-InnTann
11%
Cham | Landshut | PassauTiefenbach
11%
Landsberg am LechUtting am Ammersee
11%
OberallgäuAltusried
10%
Mühldorf a.InnAmpfing
10%
EbersbergAnzing
10%
DeggendorfAuerbach
10%
Amberg-SulzbachAuerbach i.d.OPf.
10%
RosenheimBad Feilnbach
10%
Garmisch-PartenkirchenBad Kohlgrub
10%
Bad Tölz-WolfratshausenBenediktbeuern
10%
Neuburg-SchrobenhausenBrunnen
10%
AugsburgDinkelscherben
10%
DachauErdweg
10%
Garmisch-PartenkirchenEschenlohe
10%
SchweinfurtGerolzhofen
10%
Dillingen a.d.DonauGundelfingen a.d.Donau
10%
MiesbachHausham
10%
AnsbachHeilsbronn
10%
AnsbachHerrieden
10%
MünchenHohenbrunn
10%
Bad Tölz-WolfratshausenIcking
10%
MiesbachIrschenberg
10%
EichstättKinding
10%
HaßbergeKönigsberg i.Bay.
10%
Lindau (Bodensee)Lindenberg i.Allgäu
10%
Neustadt a.d.Aisch-Bad WindsheimMarkt Nordheim
10%
Rhön-GrabfeldMellrichstadt
10%
EbersbergMoosach
10%
Erlangen-Höchstadt | Neumarkt i.d.OPf.Mühlhausen
10%
Donau-RiesMünster
10%
KitzingenNordheim a.Main
10%
Rhön-GrabfeldNordheim v.d.Rhön
10%
RegensburgObertraubling
10%
SchwandorfOberviechtach
10%
TraunsteinPetting
10%
KelheimRiedenburg
10%
Pfaffenhofen a.d.IlmRohrbach
10%
WürzburgRottendorf
10%
HaßbergeSand a.Main
10%
Landsberg am LechSchondorf am Ammersee
10%
UnterallgäuStetten
10%
MünchenStraßlach-Dingharting
10%
RegensburgThalmassing
10%
RothThalmässing
10%
Neustadt a.d.Aisch-Bad WindsheimUffenheim
10%
Garmisch-PartenkirchenUffing a.Staffelsee
10%
TirschenreuthWaldsassen
10%
AnsbachWolframs-Eschenbach
10%
Pfaffenhofen a.d.IlmWolnzach
10%
RothAbenberg
9%
Bamberg | SchwandorfAltendorf
9%
Pfaffenhofen a.d.IlmBaar-Ebenhausen
9%
UnterallgäuBabenhausen
9%
HofBad Steben
9%
RosenheimBruckmühl
9%
EichstättDenkendorf
9%
Neumarkt i.d.OPf.Dietfurt a.d.Altmühl
9%
OberallgäuDietmannsried
9%
FürstenfeldbruckEichenau
9%
Rhön-GrabfeldFladungen
9%
PassauFürstenzell
9%
Straubing-BogenGeiselhöring
9%
MünchenGrasbrunn
9%
RosenheimGroßkarolinenfeld
9%
AschaffenburgGroßostheim
9%
DeggendorfHengersberg
9%
WürzburgHöchberg
9%
HaßbergeHofheim i.UFr.
9%
AschaffenburgHösbach
9%
ErdingIsen
9%
Bad Tölz-WolfratshausenJachenau
9%
RegensburgKallmünz
9%
WürzburgKist
9%
HaßbergeKnetzgau
9%
BambergLauter
9%
KitzingenMarktbreit
9%
SchwandorfMaxhütte-Haidhof
9%
Bad KissingenMünnerstadt
9%
Donau-RiesOettingen i.Bay.
9%
OberallgäuOy-Mittelberg
9%
Weilheim-SchongauPeißenberg
9%
Landsberg am LechPenzing
9%
Berchtesgadener LandPiding
9%
WürzburgReichenberg
9%
Main-SpessartRoden
9%
DachauRöhrmoos
9%
Nürnberger LandRöthenbach a.d.Pegnitz
9%
Lindau (Bodensee)Röthenbach (Allgäu)
9%
BambergSchlüsselfeld
9%
Neustadt a.d.WaldnaabSchwarzenbach
9%
HofSchwarzenbach a.d.Saale
9%
HofSchwarzenbach a.Wald
9%
OstallgäuSeeg
9%
RegensburgSinzing
9%
KronachSteinbach a.Wald
9%
SchwandorfSteinberg am See
9%
RosenheimTuntenhausen
9%
MiesbachValley
9%
Neumarkt i.d.OPf.Velburg
9%
DachauVierkirchen
9%
Neustadt a.d.WaldnaabVohenstrauß
9%
SchwandorfWackersdorf
9%
RothWendelstein
9%
StarnbergWeßling
9%
MiesbachWeyarn
9%
DeggendorfWinzer
9%
StarnbergWörthsee
9%
Ansbach | FürstenfeldbruckAdelshofen
8%
Aichach-FriedbergAffing
8%
CoburgAhorn
8%
FürstenfeldbruckAlling
8%
RosenheimAmerang
8%
Main-SpessartArnstein
8%
EbersbergAßling
8%
RegensburgBeratzhausen
8%
Neuburg-SchrobenhausenBergheim
8%
SchweinfurtBergrheinfeld
8%
WürzburgBergtheim
8%
Rhön-GrabfeldBischofsheim i.d.Rhön
8%
SchwandorfBodenwöhr
8%
LichtenfelsBurgkunstadt
8%
Neustadt a.d.Aisch-Bad WindsheimEmskirchen
8%
Neustadt a.d.WaldnaabEschenbach i.d.OPf.
8%
EbersbergForstinning
8%
BayreuthGefrees
8%
AugsburgGraben
8%
ForchheimGräfenberg
8%
SchweinfurtGrafenrheinfeld
8%
Aschaffenburg | Straubing-BogenHaibach
8%
BambergHallstadt
8%
DachauHebertshausen
8%
GünzburgJettingen-Scheppach
8%
AschaffenburgKleinostheim
8%
EichstättKösching
8%
StarnbergKrailling
8%
EichstättLenting
8%
AnsbachLeutershausen
8%
HofLichtenberg
8%
AschaffenburgMespelbrunn
8%
Neustadt a.d.WaldnaabMoosbach
8%
SchwandorfNittenau
8%
Donau-RiesOberndorf a.Lech
8%
EbersbergOberpframmern
8%
Main-SpessartObersinn
8%
Donau-RiesOtting
8%
Mühldorf a.Inn | Weilheim-SchongauPolling
8%
BayreuthPottenstein
8%
WürzburgRandersacker
8%
HofRehau
8%
Pfaffenhofen a.d.IlmReichertshofen
8%
WürzburgRimpar
8%
CoburgRödental
8%
Berchtesgadener LandSchneizlreuth
8%
DachauSchwabhausen
8%
TraunsteinSiegsdorf
8%
Main-SpessartSteinfeld
8%
OberallgäuSulzberg
8%
EichstättTitting
8%
TraunsteinTrostberg
8%
UnterallgäuTürkheim
8%
PassauUntergriesbach
8%
Garmisch-PartenkirchenWallgau
8%
AnsbachWassertrüdingen
8%
PassauWegscheid
8%
AschaffenburgWeibersbrunn
8%
Bad KissingenWildflecken
8%
AnsbachWindsbach
8%
Main-SpessartZellingen
8%
AugsburgZusmarshausen
8%
Aichach-FriedbergBaar (Schwaben)
7%
Garmisch-PartenkirchenBad Bayersoien
7%
RegensburgBarbing
7%
Berchtesgadener LandBayerisch Gmain
7%
Main-SpessartBirkenfeld
7%
HaßbergeBreitbrunn
7%
RosenheimBreitbrunn a.Chiemsee
7%
Neumarkt i.d.OPf. | UnterallgäuBreitenbrunn
7%
OberallgäuBurgberg i.Allgäu
7%
Main-SpessartBurgsinn
7%
FürthCadolzburg
7%
EichstättDollnstein
7%
OberallgäuDurach
7%
BambergEbrach
7%
Bad Tölz-WolfratshausenEgling
7%
Landsberg am LechEgling a.d.Paar
7%
Ebersberg | FürstenfeldbruckEmmering
7%
WürzburgEstenfeld
7%
Rottal-Inn | TirschenreuthFalkenberg
7%
RosenheimFlintsbach a.Inn
7%
Main-SpessartFrammersbach
7%
RegenFrauenau
7%
AschaffenburgGoldbach
7%
FürstenfeldbruckGrafrath
7%
CoburgGrub a.Forst
7%
Freyung-GrafenauHaidmühle
7%
DachauHaimhausen
7%
HofHelmbrechts
7%
RegensburgHemau
7%
Rhön-GrabfeldHöchheim
7%
AschaffenburgKarlstein a.Main
7%
Bad Tölz-WolfratshausenKönigsdorf
7%
Neuburg-SchrobenhausenKönigsmoos
7%
Mühldorf a.InnKraiburg a.Inn
7%
Dillingen a.d.DonauLauingen (Donau)
7%
GünzburgLeipheim
7%
AnsbachLichtenau
7%
Straubing-BogenMallersdorf-Pfaffenberg
7%
Neustadt a.d.Aisch-Bad WindsheimMarkt Bibart
7%
Neustadt a.d.Aisch-Bad WindsheimMarkt Erlbach
7%
Berchtesgadener LandMarktschellenberg
7%
TraunsteinMarquartstein
7%
AugsburgMeitingen
7%
Aichach-FriedbergMerching
7%
Donau-RiesMonheim
7%
Bad Tölz-WolfratshausenMünsing
7%
AnsbachNeuendettelsau
7%
TraunsteinNußdorf
7%
RosenheimNußdorf a.Inn
7%
MiltenbergObernburg a.Main
7%
OberallgäuOfterschwang
7%
RegensburgPentling
7%
BambergPommersfelden
7%
RothRednitzhembach
7%
Cham | KronachReichenbach
7%
RosenheimRohrdorf
7%
OstallgäuRoßhaupten
7%
PassauRotthalmünster
7%
PassauSalzweg
7%
Nürnberger LandSchnaittach
7%
SchweinfurtSchonungen
7%
SchweinfurtSchwebheim
7%
WürzburgSommerhausen
7%
RothSpalt
7%
Aichach-FriedbergSteindorf
7%
RosenheimStephanskirchen
7%
Berchtesgadener LandTeisendorf
7%
PassauTittling
7%
FürstenfeldbruckTürkenfeld
7%
Landshut | Nürnberger LandVelden
7%
Pfaffenhofen a.d.IlmVohburg a.d.Donau
7%
Neustadt a.d.WaldnaabWaidhaus
7%
WürzburgWaldbrunn
7%
DachauWeichs
7%
OberallgäuWertach
7%
Dillingen a.d.DonauWertingen
7%
KitzingenWiesentheid
7%
WürzburgWinterhausen
7%
RegensburgAlteglofsheim
6%
TraunsteinAltenmarkt a.d.Alz
6%
AugsburgAltenmünster
6%
Berchtesgadener LandAnger
6%
Landsberg am LechApfeldorf
6%
Wunsiedel i.FichtelgebirgeArzberg
6%
Rhön-GrabfeldAubstadt
6%
CoburgBad Rodach
6%
LandshutBaierbach
6%
EbersbergBaiern
6%
Erlangen-HöchstadtBaiersdorf
6%
Rottal-InnBayerbach
6%
Bad Tölz-WolfratshausenBichl
6%
KitzingenBiebelried
6%
RegenBischofsmais
6%
OberallgäuBlaichach
6%
OberallgäuBolsterlang
6%
Mühldorf a.InnBuchbach
6%
Neuburg-SchrobenhausenBurgheim
6%
Nürnberger LandBurgthann
6%
Eichstätt | UnterallgäuBuxheim
6%
ChamChamerau
6%
Neumarkt i.d.OPf.Deining
6%
Landsberg am LechDenklingen
6%
PassauEging a.See
6%
WürzburgEibelstadt
6%
Dingolfing-LandauEichendorf
6%
HaßbergeEltmann
6%
LandshutErgoldsbach
6%
Aichach-Friedberg | Bad Tölz-WolfratshausenEurasburg
6%
Landsberg am LechFinning
6%
EichstättGaimersheim
6%
WürzburgGerbrunn
6%
WürzburgGiebelstadt
6%
ForchheimGößweinstein
6%
RegenGotteszell
6%
MiltenbergGroßwallstadt
6%
OstallgäuHalblech
6%
WürzburgHelmstadt
6%
DachauHilgertshausen-Tandern
6%
Main-SpessartHimmelstadt
6%
Amberg-SulzbachHirschau
6%
PassauHutthurm
6%
AschaffenburgJohannesberg
6%
PassauKirchham
6%
MiltenbergKlingenberg a.Main
6%
Amberg-SulzbachKönigstein
6%
Main-SpessartKreuzwertheim
6%
WürzburgKürnach
6%
Straubing-BogenLaberweinting
6%
RegensburgLappersdorf
6%
AnsbachLehrberg
6%
WürzburgLeinach
6%
AschaffenburgMainaschaff
6%
KitzingenMainstockheim
6%
WürzburgMargetshöchheim
6%
UnterallgäuMarkt Rettenbach
6%
FreisingMarzling
6%
UnterallgäuMemmingerberg
6%
Main-SpessartMittelsinn
6%
AschaffenburgMömbris
6%
FürstenfeldbruckMoorenweis
6%
Weißenburg-GunzenhausenMuhr a.See
6%
WürzburgNeubrunn
6%
DeggendorfNiederalteich
6%
RegensburgNittendorf
6%
FürthOberasbach
6%
OberallgäuObermaiselstein
6%
PassauObernzell
6%
Garmisch-PartenkirchenOhlstadt
6%
Rhön-GrabfeldOstheim v.d.Rhön
6%
MiesbachOtterfing
6%
Weilheim-SchongauPähl
6%
Main-SpessartPartenstein
6%
Freyung-GrafenauPhilippsreut
6%
Aichach-FriedbergPöttmes
6%
Weilheim-SchongauRaisting
6%
Pfaffenhofen a.d.IlmReichertshausen
6%
TirschenreuthReuth b.Erbendorf
6%
Main-SpessartRieneck
6%
RosenheimRimsting
6%
Rottal-InnRoßbach
6%
Erlangen-Höchstadt | RothRöttenbach
6%
WürzburgRöttingen
6%
PassauRuhstorf a.d.Rott
6%
Garmisch-PartenkirchenSaulgrub
6%
Lindau (Bodensee)Scheidegg
6%
Neustadt a.d.Aisch-Bad WindsheimScheinfeld
6%
BambergScheßlitz
6%
AschaffenburgSchöllkrippen
6%
Freyung-Grafenau | Mühldorf a.InnSchönberg
6%
Garmisch-PartenkirchenSeehausen a.Staffelsee
6%
MiltenbergStadtprozelten
6%
Altötting | EichstättStammham
6%
EbersbergSteinhöring
6%
BambergStrullendorf
6%
Rhön-GrabfeldSulzfeld
6%
KitzingenSulzfeld a.Main
6%
WürzburgThüngersheim
6%
AltöttingTöging a.Inn
6%
WürzburgUnterpleichfeld
6%
Amberg-SulzbachVilseck
6%
AschaffenburgWaldaschaff
6%
OberallgäuWaltenhofen
6%
MiesbachWarngau
6%
Lindau (Bodensee)Weiler-Simmerberg
6%
Neustadt a.d.WaldnaabWindischeschenbach
6%
RegensburgZeitlarn
6%
FreisingZolling
6%
AugsburgAdelsried
5%
DeggendorfAholming
5%
Berchtesgadener LandAinring
5%
KitzingenAlbertshofen
5%
FürstenfeldbruckAlthegnenberg
5%
EichstättAltmannstein
5%
Rottal-InnArnstorf
5%
Donau-RiesAsbach-Bäumenheim
5%
Bad KissingenBad Bocklet
5%
UnterallgäuBad Grönenbach
5%
Bad Tölz-WolfratshausenBad Heilbrunn
5%
LandshutBayerbach b.Ergoldsbach
5%
BayreuthBetzenstein
5%
OberallgäuBetzigau
5%
BayreuthBischofsgrün
5%
Erlangen-HöchstadtBubenreuth
5%
RothBüchenbach
5%
BambergBurgebrach
5%
AnsbachBurk
5%
WürzburgBütthard
5%
AnsbachColmberg
5%
AugsburgDiedorf
5%
EbersbergEgmating
5%
WürzburgEisingen
5%
WürzburgErlabrunn
5%
AltöttingErlbach
5%
ErdingFinsing
5%
AugsburgFischach
5%
AnsbachFlachslanden
5%
ErdingForstern
5%
WürzburgFrickenhausen a.Main
5%
Dingolfing-LandauFrontenhausen
5%
Landsberg am LechFuchstal
5%
Mühldorf a.InnGars a.Inn
5%
WürzburgGaukönigshofen
5%
Neustadt a.d.Aisch-Bad WindsheimGollhofen
5%
DeggendorfGrafling
5%
TraunsteinGrassau
5%
WürzburgGreußenheim
5%
Garmisch-PartenkirchenGroßweil
5%
RosenheimGstadt a.Chiemsee
5%
WürzburgGüntersleben
5%
OstallgäuGünzach
5%
Donau-RiesHarburg (Schwaben)
5%
Weißenburg-GunzenhausenHeidenheim
5%
AschaffenburgHeigenbrücken
5%
WürzburgHettstadt
5%
ForchheimHiltpoltstein
5%
Landsberg am LechHofstetten
5%
EbersbergHohenlinden
5%
Weilheim-SchongauHohenpeißenberg
5%
Weilheim-SchongauHuglfing
5%
OstallgäuJengen
5%
Neuburg-SchrobenhausenKarlshuld
5%
Altötting | Amberg-Sulzbach | TirschenreuthKastl
5%
EichstättKipfenberg
5%
WürzburgKleinrinderfeld
5%
AugsburgKlosterlechfeld
5%
AschaffenburgKrombach
5%
FreisingLangenbach
5%
OstallgäuLechbruck am See
5%
PassauMalching
5%
Dingolfing-LandauMamming
5%
HaßbergeMaroldsweisach
5%
Rottal-InnMassing
5%
Freyung-GrafenauMauth
5%
AltöttingMehring
5%
AugsburgMickhausen
5%
TirschenreuthMitterteich
5%
RosenheimNeubeuern
5%
Main-SpessartNeuendorf
5%
Neustadt a.d.Aisch-Bad WindsheimNeuhof a.d.Zenn
5%
SchwandorfNeunburg vorm Wald
5%
AnsbachOberdachstetten
5%
ErdingOberding
5%
Aichach-FriedbergObergriesbach
5%
WürzburgOberpleichfeld
5%
Weißenburg-GunzenhausenPappenheim
5%
SchweinfurtPoppenhausen
5%
WürzburgProsselsheim
5%
Dingolfing-LandauReisbach
5%
WürzburgRemlingen
5%
Cham | GünzburgRettenbach
5%
OstallgäuRettenbach a.Auerberg
5%
Main-SpessartRetzstadt
5%
Cham | Rottal-InnRimbach
5%
RosenheimSamerberg
5%
Straubing-BogenSankt Englmar
5%
Aichach-FriedbergSchmiechen
5%
DeggendorfSchöllnach
5%
FürstenfeldbruckSchöngeising
5%
AugsburgStadtbergen
5%
Weilheim-SchongauSteingaden
5%
Rhön-GrabfeldSulzdorf a.d.Lederhecke
5%
WürzburgTauberrettersheim
5%
RegensburgTegernheim
5%
GünzburgThannhausen
5%
WürzburgTheilheim
5%
Main-SpessartThüngen
5%
WürzburgUettingen
5%
Main-SpessartUrspringen
5%
FürthVeitsbronn
5%
MiesbachWaakirchen
5%
SchweinfurtWaigolshausen
5%
WürzburgWaldbüttelbrunn
5%
Dingolfing-LandauWallersdorf
5%
Neu-UlmWeißenhorn
5%
Augsburg | OstallgäuWestendorf
5%
Landsberg am LechWindach
5%
AltöttingWinhöring
5%
EichstättAdelschlag
4%
LandshutAdlkofen
4%
LandshutAham
4%
Straubing-BogenAholfing
4%
PassauAidenbach
4%
Aichach-FriedbergAindling
4%
Straubing-BogenAiterhofen
4%
RosenheimAlbaching
4%
LichtenfelsAltenkunstadt
4%
WürzburgAltertheim
4%
UnterallgäuApfeltrach
4%
Straubing-BogenAtting
4%
RegensburgAufhausen
4%
DeggendorfAußernzell
4%
BambergBaunach
4%
Weilheim-SchongauBernbeuren
4%
AschaffenburgBessenbach
4%
KelheimBiburg
4%
OstallgäuBiessenhofen
4%
TirschenreuthBrand
4%
BambergBreitengüßbach
4%
Ansbach | LandshutBruckberg
4%
OberallgäuBuchenberg
4%
BambergButtenheim
4%
KitzingenCastell
4%
BayreuthCreußen
4%
Rottal-InnDietersburg
4%
CoburgDörfles-Esbach
4%
HaßbergeEbelsbach
4%
Erlangen-HöchstadtEckental
4%
Rottal-InnEgglham
4%
OstallgäuEisenberg
4%
Neu-UlmElchingen
4%
MiltenbergElsenfeld
4%
Landsberg am LechEresing
4%
Rottal-InnEring
4%
UnterallgäuErkheim
4%
LandshutEssenbach
4%
KelheimEssing
4%
ChamFalkenstein
4%
BayreuthFichtelberg
4%
Neustadt a.d.WaldnaabFloß
4%
Neustadt a.d.WaldnaabFlossenbürg
4%
RosenheimFrasdorf
4%
Amberg-SulzbachFreihung
4%
Neumarkt i.d.OPf.Freystadt
4%
Bad Tölz-WolfratshausenGaißach
4%
Pfaffenhofen a.d.IlmGeisenfeld
4%
RothGeorgensgmünd
4%
Dingolfing-LandauGottfrieding
4%
Freyung-GrafenauGrainet
4%
DeggendorfGrattersdorf
4%
Landsberg am LechGreifenberg
4%
GünzburgGundremmingen
4%
AltöttingHaiming
4%
Günzburg | OberallgäuHaldenwang
4%
RothHeideck
4%
AschaffenburgHeimbuchenthal
4%
KulmbachHimmelkron
4%
Amberg-SulzbachHirschbach
4%
Neumarkt i.d.OPf.Hohenfels
4%
Pfaffenhofen a.d.IlmHohenwart
4%
ChamHohenwarth
4%
Dillingen a.d.Donau | Donau-Ries | Neu-UlmHolzheim
4%
RegensburgHolzheim a.Forst
4%
DeggendorfHunding
4%
Landsberg am LechHurlach
4%
GünzburgIchenhausen
4%
Weilheim-SchongauIffeldorf
4%
DeggendorfIggensbach
4%
Landsberg am LechIgling
4%
OstallgäuIrsee
4%
FürstenfeldbruckJesenwang
4%
Pfaffenhofen a.d.IlmJetzendorf
4%
OstallgäuKaltental
4%
Neuburg-SchrobenhausenKarlskron
4%
TirschenreuthKemnath
4%
BambergKönigsfeld
4%
Aichach-FriedbergKühbach
4%
DeggendorfKünzing
4%
DeggendorfLalling
4%
FürthLangenzenn
4%
Oberallgäu | UnterallgäuLauben
4%
UnterallgäuLegau
4%
Dingolfing-LandauLoiching
4%
Straubing-BogenLoitzendorf
4%
KronachLudwigsstadt
4%
Dingolfing-LandauMarklkofen
4%
Neustadt a.d.Aisch-Bad WindsheimMarktbergel
4%
FreisingMauern
4%
Dingolfing-LandauMengkofen
4%
RegensburgMintraching
4%
OberallgäuMissen-Wilhams
4%
ErdingMoosinning
4%
Dingolfing-LandauMoosthenning
4%
EichstättMörnsheim
4%
Wunsiedel i.FichtelgebirgeNagel
4%
Dingolfing-LandauNiederviehbach
4%
Lindau (Bodensee)Nonnenhorn
4%
Mühldorf a.InnOberbergkirchen
4%
OstallgäuObergünzburg
4%
Neustadt a.d.Aisch-Bad WindsheimOberickelsheim
4%
Landsberg am LechObermeitingen
4%
DeggendorfOberpöring
4%
Mühldorf a.InnObertaufkirchen
4%
DeggendorfOffenberg
4%
PassauOrtenburg
4%
DeggendorfOtzing
4%
TraunsteinPalling
4%
Aichach-FriedbergPetersdorf
4%
Dingolfing-LandauPilsting
4%
Weißenburg-GunzenhausenPleinfeld
4%
EbersbergPliening
4%
OberallgäuRettenberg
4%
RosenheimRiedering
4%
Garmisch-PartenkirchenRiegsee
4%
ChamRötz
4%
Bad Tölz-WolfratshausenSachsenkam
4%
ErdingSankt Wolfgang
4%
RosenheimSchechen
4%
Pfaffenhofen a.d.IlmScheyern
4%
AnsbachSchillingsfürst
4%
TraunsteinSchleching
4%
ChamSchorndorf
4%
Garmisch-PartenkirchenSchwaigen
4%
Landsberg am LechSchwifting
4%
Aichach-FriedbergSielenbach
4%
Weißenburg-GunzenhausenSolnhofen
4%
WürzburgSonderhofen
4%
PassauSonnen
4%
UnterallgäuSontheim
4%
Garmisch-PartenkirchenSpatzenhausen
4%
ErdingSteinkirchen
4%
DeggendorfStephansposching
4%
AschaffenburgStockstadt a.Main
4%
Straubing-BogenStraßkirchen
4%
Donau-RiesTagmersheim
4%
HaßbergeTheres
4%
PassauThyrnau
4%
Rottal-InnTriftern
4%
AltöttingTüßling
4%
Landsberg am LechUnterdießen
4%
AugsburgUntermeitingen
4%
TraunsteinUnterwössen
4%
Neu-UlmVöhringen
4%
Bad Tölz-WolfratshausenWackersberg
4%
DeggendorfWallerfing
4%
ErdingWartenberg
4%
SchweinfurtWasserlosen
4%
OberallgäuWeitnau
4%
Donau-RiesWemding
4%
Weilheim-SchongauWessobrunn
4%
Weilheim-SchongauWielenbach
4%
OberallgäuWiggensbach
4%
OberallgäuWildpoldsried
4%
BambergZapfendorf
4%
KitzingenAbtswind
3%
Erlangen-HöchstadtAdelsdorf
3%
HaßbergeAidhausen
3%
OstallgäuAitrang
3%
PassauAldersbach
3%
Nürnberger LandAlfeld
3%
LandshutAltfraunhofen
3%
Amberg-SulzbachAmmerthal
3%
Weilheim-SchongauAntdorf
3%
Neuburg-SchrobenhausenAresing
3%
RegenArnbruck
3%
FreisingAttenkirchen
3%
Erlangen-HöchstadtAurachtal
3%
AugsburgAystetten
3%
BayreuthBad Berneck i.Fichtelgebirge
3%
OstallgäuBaisweil
3%
TirschenreuthBärnau
3%
Neumarkt i.d.OPf.Berngau
3%
OstallgäuBidingen
3%
WürzburgBieberehren
3%
BayreuthBindlach
3%
Dillingen a.d.DonauBissingen
3%
EichstättBöhmfeld
3%
PassauBreitenberg
3%
KitzingenBuchbrunn
3%
Donau-RiesBuchdorf
3%
DeggendorfBuchhofen
3%
HaßbergeBundorf
3%
Rhön-GrabfeldBurglauer
3%
HaßbergeBurgpreppach
3%
MiltenbergBürgstadt
3%
Donau-RiesDeiningen
3%
Neustadt a.d.Aisch-Bad WindsheimDietersheim
3%
SchweinfurtDittelbrunn
3%
AnsbachDombühl
3%
LichtenfelsEbensfeld
3%
CoburgEbersdorf b.Coburg
3%
RosenheimEdling
3%
FürstenfeldbruckEgenhofen
3%
ForchheimEggolsheim
3%
Weilheim-SchongauEglfing
3%
Neuburg-SchrobenhausenEhekirchen
3%
Ansbach | AugsburgEhingen
3%
Donau-RiesEhingen a.Ries
3%
WürzburgEisenheim
3%
EichstättEitensheim
3%
Weißenburg-GunzenhausenEllingen
3%
Amberg-SulzbachEnsdorf
3%
TirschenreuthErbendorf
3%
HaßbergeErmershausen
3%
UnterallgäuEttringen
3%
SchweinfurtEuerbach
3%
Main-SpessartEußenheim
3%
Straubing-BogenFalkenfels
3%
EbersbergFrauenneuharting
3%
Amberg-SulzbachFreudenberg
3%
TraunsteinFridolfing
3%
HaßbergeGädheim
3%
Rottal-InnGangkofen
3%
LandshutGeisenhausen
3%
WürzburgGelchsheim
3%
OstallgäuGermaringen
3%
AugsburgGessertshausen
3%
OstallgäuGörisried
3%
Bad Tölz-WolfratshausenGreiling
3%
AugsburgGroßaitingen
3%
EichstättGroßmehring
3%
PassauHaarbach
3%
Weilheim-SchongauHabach
3%
Amberg-SulzbachHahnbach
3%
RosenheimHalfing
3%
AltöttingHalsbach
3%
Nürnberger LandHappurg
3%
Straubing-BogenHaselbach
3%
FürstenfeldbruckHattenhofen
3%
Rottal-InnHebertsfelden
3%
EichstättHepberg
3%
Lindau (Bodensee)Hergatz
3%
ForchheimHeroldsbach
3%
Erlangen-HöchstadtHeroldsberg
3%
Rhön-GrabfeldHeustreu
3%
AugsburgHiltenfingen
3%
EichstättHitzhofen
3%
PassauHofkirchen
3%
Wunsiedel i.FichtelgebirgeHohenberg a.d.Eger
3%
Amberg-SulzbachHohenburg
3%
Weilheim-SchongauHohenfurch
3%
FreisingHohenkammer
3%
OstallgäuHopferau
3%
Pfaffenhofen a.d.IlmIlmmünster
3%
Weilheim-SchongauIngenried
3%
Straubing-BogenIrlbach
3%
Rottal-InnJohanniskirchen
3%
Rottal-InnJulbach
3%
RothKammerstein
3%
UnterallgäuKammlach
3%
Landsberg am LechKinsau
3%
Straubing-BogenKirchroth
3%
MiltenbergKirchzell
3%
AugsburgKleinaitingen
3%
Straubing-BogenKonzell
3%
FürstenfeldbruckKottgeisering
3%
OstallgäuKraftisried
3%
FreisingKranzberg
3%
OstallgäuLamerdingen
3%
FürstenfeldbruckLandsberied
3%
Neustadt a.d.Aisch-Bad WindsheimLangenfeld
3%
AugsburgLangenneufnach
3%
AugsburgLangerringen
3%
AschaffenburgLaufach
3%
CoburgLautertal
3%
Straubing-BogenLeiblfing
3%
OstallgäuLengenwang
3%
RegenLindberg
3%
Lindau (Bodensee)Maierhöfen
3%
Mühldorf a.InnMaitenbeth
3%
Neustadt a.d.WaldnaabMantel
3%
Straubing-BogenMariaposching
3%
KitzingenMarkt Einersheim
3%
OstallgäuMauerstetten
3%
BayreuthMistelbach
3%
FürstenfeldbruckMittelstetten
3%
Rottal-InnMitterskirchen
3%
Erlangen-HöchstadtMöhrendorf
3%
Pfaffenhofen a.d.IlmMünchsmünster
3%
FreisingNandlstadt
3%
EichstättNassenfels
3%
Neu-UlmNersingen
3%
LandshutNiederaichbach
3%
Mühldorf a.InnNiederbergkirchen
3%
Mühldorf a.InnNiedertaufkirchen
3%
SchweinfurtNiederwerrn
3%
Straubing-BogenNiederwinkling
3%
HaßbergeOberaurach
3%
BambergOberhaid
3%
HofOberkotzau
3%
OstallgäuOberostendorf
3%
AugsburgOberottmarshausen
3%
Neu-UlmOberroth
3%
Straubing-BogenOberschneiding
3%
SchweinfurtOberschwarzach
3%
FürstenfeldbruckOberschweinbach
3%
Rhön-GrabfeldOberstreu
3%
TraunsteinObing
3%
ErdingOttenhofen
3%
Straubing-BogenParkstetten
3%
ErdingPastetten
3%
AltöttingPerach
3%
Freyung-GrafenauPerlesreut
3%
UnterallgäuPfaffenhausen
3%
RosenheimPfaffing
3%
HaßbergePfarrweisach
3%
RegensburgPfatter
3%
EichstättPförring
3%
OstallgäuPforzen
3%
EichstättPollenfeld
3%
Weilheim-SchongauPrem
3%
KitzingenPrichsenstadt
3%
Landsberg am LechPrittriching
3%
RosenheimPrutting
3%
Landsberg am LechPürgen
3%
UnterallgäuRammingen
3%
Straubing-BogenRattenberg
3%
LichtenfelsRedwitz a.d.Rodach
3%
Aichach-FriedbergRehling
3%
Bad Tölz-WolfratshausenReichersbeuern
3%
Landsberg am LechReichling
3%
AltöttingReischach
3%
Neuburg-SchrobenhausenRennertshofen
3%
HaßbergeRentweinsdorf
3%
HaßbergeRiedbach
3%
OstallgäuRonsberg
3%
FürthRoßtal
3%
Weilheim-SchongauRottenbuch
3%
OstallgäuRuderatshofen
3%
Straubing-BogenSalching
3%
DeggendorfSchaufling
3%
EichstättSchernfeld
3%
Landsberg am LechScheuring
3%
RegensburgSchierling
3%
Wunsiedel i.FichtelgebirgeSchirnding
3%
Bad Tölz-WolfratshausenSchlehdorf
3%
SchwandorfSchönsee
3%
Weilheim-SchongauSchwabbruck
3%
Weilheim-SchongauSchwabsoien
3%
RothSchwanstetten
3%
Nürnberger LandSchwarzenbruck
3%
Pfaffenhofen a.d.IlmSchweitenkirchen
3%
Dillingen a.d.DonauSchwenningen
3%
SchweinfurtSennfeld
3%
CoburgSeßlach
3%
KitzingenSommerach
3%
Freyung-GrafenauSpiegelau
3%
SchweinfurtStadtlauringen
3%
KulmbachStadtsteinach
3%
HaßbergeStettfeld
3%
Kronach | Rhön-GrabfeldStockheim
3%
OstallgäuStötten a.Auerberg
3%
RegensburgSünching
3%
Landsberg am LechThaining
3%
KulmbachThurnau
3%
UnterallgäuTussenhausen
3%
Neu-UlmUnterroth
3%
OstallgäuUnterthingau
3%
OstallgäuUntrasried
3%
Erlangen-HöchstadtVestenbergsgreuth
3%
Landsberg am LechVilgertshofen
3%
LandshutVilsheim
3%
OstallgäuWaal
3%
Neuburg-SchrobenhausenWaidhofen
3%
EichstättWalting
3%
AugsburgWehringen
3%
Neuburg-SchrobenhausenWeichering
3%
EichstättWellheim
3%
LandshutWeng
3%
RegensburgWenzenbach
3%
SchwandorfWernberg-Köblitz
3%
Weißenburg-GunzenhausenWestheim
3%
EichstättWettstetten
3%
UnterallgäuWiedergeltingen
3%
Straubing-BogenWiesenfelden
3%
SchweinfurtWipfeld
3%
HaßbergeWonfurt
3%
UnterallgäuWoringen
3%
AnsbachWörnitz
3%
Rottal-InnWurmannsquick
3%
Rottal-InnZeilarn
3%
Weißenburg-GunzenhausenAbsberg
2%
GünzburgAichen
2%
KelheimAiglsbach
2%
Dillingen a.d.DonauAislingen
2%
AugsburgAllmannshofen
2%
Donau-RiesAmerdingen
2%
FürthAmmerndorf
2%
AnsbachArberg
2%
ChamArnschwang
2%
ChamArrach
2%
KelheimAttenhofen
2%
Donau-RiesAuhausen
2%
RosenheimBabensham
2%
Dillingen a.d.DonauBachhagel
2%
Dillingen a.d.DonauBächingen a.d.Brenz
2%
GünzburgBalzhausen
2%
Neu-UlmBellenberg
2%
RegensburgBernhardswald
2%
PassauBeutelsbach
2%
AugsburgBiberbach
2%
Amberg-SulzbachBirgland
2%
BambergBischberg
2%
ErdingBockhorn
2%
LandshutBodenkirchen
2%
Lindau (Bodensee)Bodolz
2%
UnterallgäuBoos
2%
PassauBüchlberg
2%
Erlangen-HöchstadtBuckenhof
2%
Neustadt a.d.Aisch-Bad WindsheimBurgbernheim
2%
Dillingen a.d.DonauButtenwiesen
2%
Neustadt a.d.Aisch-Bad WindsheimDachsbach
2%
AschaffenburgDammbach
2%
UnterallgäuDirlewang
2%
HofDöhlau
2%
SchweinfurtDonnersdorf
2%
MiltenbergDorfprozelten
2%
RegenDrachselsried
2%
Weilheim-SchongauEberfing
2%
GünzburgEbershausen
2%
Amberg-SulzbachEdelsfeld
2%
ForchheimEffeltrich
2%
OstallgäuEggenthal
2%
RosenheimEggstätt
2%
EichstättEgweil
2%
RosenheimEiselfing
2%
ErdingEitting
2%
Bad KissingenElfershausen
2%
KelheimElsendorf
2%
AltöttingEmmerting
2%
UnterallgäuEppishausen
2%
Pfaffenhofen a.d.IlmErnsgaden
2%
MiltenbergEschau
2%
ChamEschlkam
2%
Bad KissingenEuerdorf
2%
FreisingFahrenzhausen
2%
AltöttingFeichten a.d.Alz
2%
HofFeilitzsch
2%
Dillingen a.d.DonauFinningen
2%
ErdingFraunberg
2%
OstallgäuFriesenried
2%
Bad KissingenFuchsstadt
2%
PassauFürstenstein
2%
AugsburgGablingen
2%
Neuburg-SchrobenhausenGachenbach
2%
HofGattendorf
2%
Amberg-SulzbachGebenbach
2%
AschaffenburgGeiselbach
2%
Donau-RiesGenderkingen
2%
Rottal-InnGeratskirchen
2%
Pfaffenhofen a.d.IlmGerolsbach
2%
LandshutGerzen
2%
BayreuthGesees
2%
SchweinfurtGochsheim
2%
TraunsteinGrabenstätt
2%
ChamGrafenwiesen
2%
RosenheimGriesstätt
2%
FürthGroßhabersdorf
2%
Lindau (Bodensee)Grünenbach
2%
BambergGundelsheim
2%
Main-SpessartHafenlohr
2%
Neustadt a.d.Aisch-Bad WindsheimHagenbüchach
2%
BambergHeiligenstadt i.OFr.
2%
Lindau (Bodensee)Heimenkirch
2%
Mühldorf a.InnHeldenstein
2%
Nürnberger LandHenfenfeld
2%
Erlangen-HöchstadtHeßdorf
2%
Pfaffenhofen a.d.IlmHettenshausen
2%
Freyung-GrafenauHohenau
2%
LandshutHohenthann
2%
Aichach-FriedbergHollenbach
2%
BayreuthHollfeld
2%
UnterallgäuHolzgünz
2%
RosenheimHöslwang
2%
Straubing-BogenHunderdorf
2%
Amberg-SulzbachIllschwang
2%
Aichach-FriedbergInchenhofen
2%
Neustadt a.d.Aisch-Bad WindsheimIppesheim
2%
Neustadt a.d.Aisch-Bad WindsheimIpsheim
2%
CoburgItzgrund
2%
Freyung-GrafenauJandelsbrunn
2%
Erlangen-HöchstadtKalchreuth
2%
Neu-UlmKellmünz a.d.Iller
2%
HaßbergeKirchlauter
2%
AltöttingKirchweidach
2%
PassauKößlarn
2%
UnterallgäuKronburg
2%
Amberg-SulzbachKümmersbruck
2%
UnterallgäuLachen
2%
Neuburg-SchrobenhausenLangenmosen
2%
ErdingLangenpreising
2%
AugsburgLangweid a.Lech
2%
MiltenbergLaudenbach
2%
Neumarkt i.d.OPf.Lauterhofen
2%
UnterallgäuLautrach
2%
Nürnberger LandLeinburg
2%
ErdingLengdorf
2%
BambergLitzendorf
2%
ChamLohberg
2%
Neustadt a.d.WaldnaabLuhe-Wildenau
2%
Donau-RiesMaihingen
2%
KitzingenMainbernheim
2%
KulmbachMainleus
2%
Rottal-InnMalgersdorf
2%
Weißenburg-GunzenhausenMarkt Berolzheim
2%
Donau-RiesMarktoffingen
2%
KulmbachMarktschorgast
2%
KitzingenMarktsteft
2%
Bad KissingenMaßbach
2%
CoburgMeeder
2%
BambergMemmelsdorf
2%
Donau-RiesMertingen
2%
LichtenfelsMichelau i.OFr.
2%
SchweinfurtMichelau i.Steigerwald
2%
EichstättMindelstetten
2%
AugsburgMittelneufnach
2%
Straubing-BogenMitterfels
2%
MiltenbergMömlingen
2%
Bad KissingenMotten
2%
ErdingNeuching
2%
KulmbachNeuenmarkt
2%
Freyung-GrafenauNeuschönau
2%
UnterallgäuNiederrieden
2%
AugsburgNordendorf
2%
EichstättOberdolling
2%
FürthObermichelbach
2%
Mühldorf a.InnOberneukirchen
2%
UnterallgäuOberrieden
2%
Weilheim-SchongauObersöchering
2%
GünzburgOffingen
2%
AnsbachOhrenbach
2%
OstallgäuOsterzell
2%
Nürnberger LandOttensoos
2%
KelheimPainten
2%
FreisingPaunzhausen
2%
Straubing-BogenPerasdorf
2%
Straubing-BogenPerkam
2%
LandshutPfeffenhausen
2%
SchwandorfPfreimd
2%
Neumarkt i.d.OPf.Pilsach
2%
BayreuthPlech
2%
AltöttingPleiskirchen
2%
Nürnberger LandPommelsbrunn
2%
Pfaffenhofen a.d.IlmPörnbach
2%
Rottal-InnPostmünster
2%
FürthPuschendorf
2%
RosenheimRamerberg
2%
Bad KissingenRannungen
2%
BambergRattelsdorf
2%
Mühldorf a.InnRattenkirchen
2%
Straubing-BogenRattiszell
2%
HaßbergeRauhenebrach
2%
Bad KissingenRiedenberg
2%
Freyung-GrafenauRingelai
2%
Neu-UlmRoggenburg
2%
Neuburg-SchrobenhausenRohrenfels
2%
Freyung-GrafenauRöhrnbach
2%
Main-SpessartRothenfels
2%
SchweinfurtRöthlein
2%
Nürnberger LandRückersdorf
2%
OstallgäuRückholz
2%
FreisingRudelzhausen
2%
PassauRuderting
2%
RegenRuhmannsfelden
2%
Berchtesgadener LandSaaldorf-Surheim
2%
UnterallgäuSalgen
2%
Rhön-GrabfeldSandberg
2%
Freyung-GrafenauSankt Oswald-Riedlhütte
2%
AugsburgScherstetten
2%
Aichach-FriedbergSchiltberg
2%
MiltenbergSchneeberg
2%
AnsbachSchnelldorf
2%
RosenheimSchonstett
2%
ChamSchönthal
2%
Wunsiedel i.FichtelgebirgeSchönwald
2%
SchweinfurtSchwanfeld
2%
SchwandorfSchwarzenfeld
2%
Mühldorf a.InnSchwindegg
2%
KitzingenSeinsheim
2%
HofSelbitz
2%
Neumarkt i.d.OPf.Seubersdorf i.d.OPf.
2%
FürthSeukendorf
2%
Lindau (Bodensee)Sigmarszell
2%
Nürnberger LandSimmelsdorf
2%
Weilheim-SchongauSindelsdorf
2%
RosenheimSöchtenau
2%
RosenheimSoyen
2%
SchwandorfStadlern
2%
Straubing-BogenStallwang
2%
TraunsteinStaudach-Egerndach
2%
BambergStegaurach
2%
KronachSteinwiesen
2%
Lindau (Bodensee)Stiefenhofen
2%
OstallgäuStöttwang
2%
SchweinfurtSulzheim
2%
Bad KissingenSulzthal
2%
TraunsteinTacherting
2%
Donau-RiesTapfheim
2%
AltöttingTeising
2%
RegenTeisnach
2%
PassauTettenweis
2%
SchwandorfTeublitz
2%
AugsburgThierhaupten
2%
Aichach-FriedbergTodtenweis
2%
ChamTraitsching
2%
SchweinfurtÜchtelhausen
2%
HaßbergeUntermerzbach
2%
AltöttingUnterneukirchen
2%
GünzburgUrsberg
2%
AugsburgUstersbach
2%
Erlangen-HöchstadtUttenreuth
2%
BambergViereth-Trunstadt
2%
RosenheimVogtareuth
2%
Nürnberger LandVorra
2%
BayreuthWaischenfeld
2%
AugsburgWalkertshofen
2%
Donau-RiesWallerstein
2%
ErdingWalpertskirchen
2%
BayreuthWarmensteinach
2%
BayreuthWeidenberg
2%
Cham | SchwandorfWeiding
2%
Erlangen-HöchstadtWeisendorf
2%
LichtenfelsWeismain
2%
Lindau (Bodensee)Weißensberg
2%
Wunsiedel i.FichtelgebirgeWeißenstadt
2%
TirschenreuthWiesau
2%
ForchheimWiesenttal
2%
AnsbachWieseth
2%
Weilheim-SchongauWildsteig
2%
FürthWilhermsdorf
2%
Rhön-GrabfeldWillmars
2%
Straubing-BogenWindberg
2%
PassauWindorf
2%
Nürnberger LandWinkelhaid
2%
GünzburgWinterbach
2%
UnterallgäuWinterrieden
2%
Rottal-InnWittibreut
2%
GünzburgZiemetshausen
2%
RegenAchslach
1%
BayreuthAhorntal
1%
Donau-RiesAlerheim
1%
Weißenburg-GunzenhausenAlesheim
1%
GünzburgAletshausen
1%
MiltenbergAltenbuch
1%
RegensburgAltenthann
1%
BayreuthAufseß
1%
Wunsiedel i.FichtelgebirgeBad Alexandersbad
1%
TirschenreuthBad Neualbenreuth
1%
Rhön-GrabfeldBastheim
1%
Neustadt a.d.Aisch-Bad WindsheimBaudenbach
1%
AnsbachBechhofen
1%
Neustadt a.d.WaldnaabBechtsrieth
1%
UnterallgäuBenningen
1%
ErdingBerglern
1%
GünzburgBibertal
1%
Dillingen a.d.DonauBinswangen
1%
Main-SpessartBischbrunn
1%
ChamBlaibach
1%
AschaffenburgBlankenbach
1%
Dillingen a.d.DonauBlindheim
1%
RegenBöbrach
1%
UnterallgäuBöhen
1%
AugsburgBonstetten
1%
GünzburgBreitenthal
1%
RegensburgBrennberg
1%
GünzburgBubesheim
1%
Neustadt a.d.Aisch-Bad WindsheimBurghaslach
1%
AnsbachBurgoberbach
1%
BambergBurgwindheim
1%
Bad KissingenBurkardroth
1%
GünzburgBurtenbach
1%
MiltenbergCollenberg
1%
GünzburgDeisenhausen
1%
RegensburgDeuerling
1%
AnsbachDiebach
1%
Neustadt a.d.Aisch-Bad WindsheimDiespeck
1%
AnsbachDietenhofen
1%
SchwandorfDieterskirchen
1%
SchweinfurtDingolshausen
1%
Weißenburg-GunzenhausenDittenheim
1%
ForchheimDormitz
1%
RegensburgDuggendorf
1%
AnsbachDürrwangen
1%
Amberg-SulzbachEbermannsdorf
1%
BayreuthEckersdorf
1%
Mühldorf a.InnEgglkofen
1%
ForchheimEgloffstein
1%
MiltenbergEichenbühl
1%
GünzburgEllzee
1%
TraunsteinEngelsberg
1%
Nürnberger LandEngelthal
1%
Mühldorf a.InnErharting
1%
Neustadt a.d.WaldnaabEslarn
1%
Main-SpessartEsselbach
1%
Amberg-SulzbachEtzelwang
1%
Neustadt a.d.WaldnaabEtzenricht
1%
MiltenbergFaulbach
1%
Main-SpessartFellen
1%
UnterallgäuFellheim
1%
SchwandorfFensterbach
1%
Donau-RiesForheim
1%
SchweinfurtFrankenwinheim
1%
Donau-RiesFremdingen
1%
BambergFrensdorf
1%
Donau-RiesFünfstetten
1%
FreisingGammelsdorf
1%
AnsbachGebsattel
1%
RegenGeiersthal
1%
SchweinfurtGeldersheim
1%
BambergGerach
1%
Bad KissingenGeroda
1%
HofGeroldsgrün
1%
WürzburgGeroldshausen
1%
AnsbachGerolfingen
1%
AnsbachGeslau
1%
Lindau (Bodensee)Gestratz
1%
BayreuthGlashütten
1%
AschaffenburgGlattbach
1%
SchwandorfGleiritsch
1%
ChamGleißenberg
1%
Dillingen a.d.DonauGlött
1%
BayreuthGoldkronach
1%
Main-SpessartGössenheim
1%
Main-SpessartGräfendorf
1%
Erlangen-HöchstadtGremsdorf
1%
SchweinfurtGrettstadt
1%
Rhön-GrabfeldGroßbardorf
1%
Rhön-GrabfeldGroßeibstadt
1%
Erlangen-HöchstadtGroßenseebach
1%
CoburgGroßheirath
1%
MiltenbergGroßheubach
1%
KitzingenGroßlangheim
1%
SchwandorfGuteneck
1%
Neustadt a.d.Aisch-Bad WindsheimGutenstetten
1%
KulmbachGuttenberg
1%
RegensburgHagelstadt
1%
ForchheimHallerndorf
1%
KulmbachHarsdorf
1%
Nürnberger LandHartenstein
1%
Main-SpessartHasloch
1%
Dillingen a.d.DonauHaunsheim
1%
UnterallgäuHawangen
1%
UnterallgäuHeimertingen
1%
BayreuthHeinersreuth
1%
Erlangen-HöchstadtHemhofen
1%
Rhön-GrabfeldHendungen
1%
Rhön-GrabfeldHerbstadt
1%
Lindau (Bodensee)Hergensweiler
1%
KelheimHerrngiersdorf
1%
ForchheimHetzles
1%
Freyung-GrafenauHinterschmiding
1%
ErdingHohenpolding
1%
Rhön-GrabfeldHohenroth
1%
Rhön-GrabfeldHollstadt
1%
AugsburgHorgau
1%
FreisingHörgertshausen
1%
BayreuthHummeltal
1%
ForchheimIgensdorf
1%
KelheimIhrlerstein
1%
Neustadt a.d.Aisch-Bad WindsheimIllesheim
1%
TirschenreuthImmenreuth
1%
Freyung-GrafenauInnernzell
1%
AnsbachInsingen
1%
HofIssigau
1%
Mühldorf a.InnJettenbach
1%
Donau-RiesKaisheim
1%
Main-SpessartKarbach
1%
Main-SpessartKarsbach
1%
KulmbachKasendorf
1%
BambergKemmern
1%
UnterallgäuKettershausen
1%
TraunsteinKienberg
1%
TraunsteinKirchanschöring
1%
ForchheimKirchehrenbach
1%
Wunsiedel i.FichtelgebirgeKirchenlamitz
1%
Nürnberger LandKirchensittenbach
1%
UnterallgäuKirchhaslach
1%
MiltenbergKleinheubach
1%
AschaffenburgKleinkahl
1%
KitzingenKleinlangheim
1%
ForchheimKleinsendelbach
1%
MiltenbergKleinwallstadt
1%
HofKöditz
1%
KulmbachKödnitz
1%
RegensburgKöfering
1%
Neustadt a.d.WaldnaabKohlberg
1%
SchweinfurtKolitzheim
1%
RegenKollnburg
1%
TirschenreuthKonnersreuth
1%
HofKonradsreuth
1%
LandshutKröning
1%
AugsburgKühlenthal
1%
TirschenreuthKulmain
1%
LandshutKumhausen
1%
ForchheimKunreuth
1%
KulmbachKupferberg
1%
KronachKüps
1%
AugsburgKutzenhausen
1%
RegenLangdorf
1%
Weißenburg-GunzenhausenLangenaltheim
1%
ForchheimLangensendelbach
1%
AnsbachLangfurth
1%
KelheimLangquaid
1%
Dillingen a.d.DonauLaugna
1%
MiltenbergLeidersbach
1%
TirschenreuthLeonberg
1%
Neustadt a.d.WaldnaabLeuchtenberg
1%
HofLeupoldsgrün
1%
ForchheimLeutenbach
1%
BambergLisberg
1%
Erlangen-HöchstadtLonnerstadt
1%
KulmbachLudwigschorgast
1%
SchweinfurtLülsfeld
1%
Neumarkt i.d.OPf.Lupburg
1%
TirschenreuthMähring
1%
LichtenfelsMarktgraitz
1%
KulmbachMarktleugast
1%
Wunsiedel i.FichtelgebirgeMarktleuthen
1%
KronachMarktrodach
1%
Neustadt a.d.Aisch-Bad WindsheimMarkt Taschendorf
1%
LichtenfelsMarktzeuln
1%
Erlangen-HöchstadtMarloffstein
1%
KitzingenMartinsheim
1%
Dillingen a.d.DonauMedlingen
1%
BayreuthMehlmeisel
1%
Weißenburg-GunzenhausenMeinheim
1%
AnsbachMerkendorf
1%
Mühldorf a.InnMettenheim
1%
ChamMichelsneukirchen
1%
ChamMiltach
1%
BayreuthMistelgau
1%
AnsbachMitteleschenbach
1%
KronachMitwitz
1%
Dillingen a.d.DonauMödingen
1%
MiltenbergMönchberg
1%
AnsbachMönchsroth
1%
Donau-RiesMöttingen
1%
Weißenburg-GunzenhausenNennslingen
1%
KulmbachNeudrossenfeld
1%
LandshutNeufraunhofen
1%
Freyung-GrafenauNeureichenau
1%
AnsbachNeusitz
1%
TirschenreuthNeusorg
1%
CoburgNiederfüllbach
1%
Rhön-GrabfeldNiederlauer
1%
MiltenbergNiedernberg
1%
KronachNordhalben
1%
Bad KissingenNüdlingen
1%
Rhön-GrabfeldOberelsbach
1%
Bad KissingenOberleichtersbach
1%
KitzingenObernbreit
1%
Erlangen-HöchstadtOberreichenbach
1%
Lindau (Bodensee)Oberreute
1%
Neustadt a.d.Aisch-Bad WindsheimOberscheinfeld
1%
UnterallgäuOberschönegg
1%
LandshutObersüßbach
1%
Bad KissingenOberthulba
1%
ForchheimObertrubach
1%
Bad KissingenOerlenbach
1%
Nürnberger LandOffenhausen
1%
Lindau (Bodensee)Opfenbach
1%
AnsbachOrnbau
1%
Neu-UlmOsterberg
1%
Neustadt a.d.WaldnaabParkstein
1%
RegenPatersdorf
1%
ChamPemfling
1%
AnsbachPetersaurach
1%
RegensburgPettendorf
1%
BambergPettstadt
1%
RegensburgPfakofen
1%
RegensburgPielenhofen
1%
ForchheimPinzberg
1%
Neustadt a.d.WaldnaabPirk
1%
TraunsteinPittenhart
1%
BayreuthPlankenfels
1%
UnterallgäuPleß
1%
Neustadt a.d.WaldnaabPleystein
1%
TirschenreuthPlößberg
1%
Weißenburg-GunzenhausenPolsingen
1%
Amberg-SulzbachPoppenricht
1%
ChamPösing
1%
LandshutPostau
1%
ForchheimPoxdorf
1%
RegenPrackenbach
1%
Neustadt a.d.WaldnaabPressath
1%
KulmbachPresseck
1%
KronachPressig
1%
ForchheimPretzfeld
1%
BambergPriesendorf
1%
Neustadt a.d.WaldnaabPüchersreuth
1%
Neumarkt i.d.OPf.Pyrbaum
1%
Bad KissingenRamsthal
1%
Mühldorf a.InnRechtmehring
1%
BambergReckendorf
1%
HofRegnitzlosau
1%
Nürnberger LandReichenschwand
1%
Mühldorf a.InnReichertsheim
1%
Donau-RiesReimlingen
1%
WürzburgRiedenheim
1%
RegensburgRiekofen
1%
RegenRinchnach
1%
Rhön-GrabfeldRödelmaier
1%
GünzburgRöfingen
1%
MiltenbergRöllbach
1%
Wunsiedel i.FichtelgebirgeRöslau
1%
AschaffenburgRothenbuch
1%
MiltenbergRüdenau
1%
KulmbachRugendorf
1%
ChamRunding
1%
AschaffenburgSailauf
1%
Freyung-GrafenauSaldenburg
1%
LandshutSchalkham
1%
HofSchauenstein
1%
SchwandorfSchmidgaden
1%
Amberg-SulzbachSchmidmühlen
1%
BayreuthSchnabelwaid
1%
TraunsteinSchnaitsee
1%
Amberg-SulzbachSchnaittenbach
1%
KronachSchneckenlohe
1%
Main-SpessartSchollbrunn
1%
BambergSchönbrunn i.Steigerwald
1%
Bad KissingenSchondra
1%
AnsbachSchopfloch
1%
SchwandorfSchwarzhofen
1%
KitzingenSegnitz
1%
Neumarkt i.d.OPf.Sengenthal
1%
KelheimSiegenburg
1%
AschaffenburgSommerkahl
1%
Rhön-GrabfeldSondheim v.d.Rhön
1%
CoburgSonnefeld
1%
Erlangen-HöchstadtSpardorf
1%
HofSparneck
1%
BayreuthSpeichersdorf
1%
BambergStadelhofen
1%
HofStammbach
1%
ChamStamsried
1%
AnsbachSteinsfeld
1%
Rhön-GrabfeldStrahlungen
1%
Rottal-InnStubenberg
1%
TraunsteinSurberg
1%
Dillingen a.d.DonauSyrgenstein
1%
TraunsteinTaching a.See
1%
Neustadt a.d.WaldnaabTännesberg
1%
KronachTettau
1%
KelheimTeugn
1%
KronachTeuschnitz
1%
Wunsiedel i.FichtelgebirgeThiersheim
1%
Wunsiedel i.FichtelgebirgeThierstein
1%
Bad KissingenThundorf i.UFr.
1%
Freyung-GrafenauThurmansbang
1%
HofTöpen
1%
KelheimTrain
1%
Rhön-GrabfeldTrappstadt
1%
SchwandorfTrausnitz
1%
KulmbachTrebgast
1%
ChamTreffelstein
1%
Main-SpessartTriefenstein
1%
HofTrogen
1%
Wunsiedel i.FichtelgebirgeTröstau
1%
UnterallgäuTrunkelsberg
1%
FürthTuchenbach
1%
AltöttingTyrlaching
1%
Neustadt a.d.Aisch-Bad WindsheimUehlfeld
1%
UnterallgäuUngerhausen
1%
Rhön-GrabfeldUnsleben
1%
Rottal-InnUnterdietfurt
1%
UnterallgäuUnteregg
1%
ForchheimUnterleinleiter
1%
Mühldorf a.InnUnterreit
1%
CoburgUntersiemau
1%
KulmbachUntersteinach
1%
Amberg-SulzbachUrsensollen
1%
TraunsteinVachendorf
1%
Dillingen a.d.DonauVillenbach
1%
Neustadt a.d.WaldnaabVorbach
1%
Erlangen-HöchstadtWachenroth
1%
ChamWaffenbrunn
1%
ChamWalderbach
1%
TirschenreuthWaldershof
1%
GünzburgWaldstetten
1%
KronachWallenfels
1%
BambergWalsdorf
1%
GünzburgWaltenhausen
1%
BambergWattendorf
1%
AnsbachWeidenbach
1%
CoburgWeidhausen b.Coburg
1%
Amberg-SulzbachWeigendorf
1%
Neustadt a.d.Aisch-Bad WindsheimWeigenheim
1%
AnsbachWeihenzell
1%
Neustadt a.d.WaldnaabWeiherhammer
1%
LandshutWeihmichl
1%
MiltenbergWeilbach
1%
ForchheimWeilersbach
1%
AnsbachWeiltingen
1%
HofWeißdorf
1%
KronachWeißenbrunn
1%
ForchheimWeißenohe
1%
CoburgWeitramsdorf
1%
AugsburgWelden
1%
UnterallgäuWesterheim
1%
AnsbachWettringen
1%
GünzburgWiesenbach
1%
ForchheimWiesenthau
1%
Main-SpessartWiesthal
1%
AnsbachWilburgstetten
1%
Neustadt a.d.Aisch-Bad WindsheimWilhelmsdorf
1%
KronachWilhelmsthal
1%
KitzingenWillanzheim
1%
ChamWillmering
1%
AnsbachWindelsbach
1%
SchwandorfWinklarn
1%
KulmbachWirsberg
1%
AnsbachWittelshofen
1%
Dillingen a.d.DonauWittislingen
1%
PassauWitzmannsberg
1%
UnterallgäuWolfertschwenden
1%
RegensburgWolfsegg
1%
Rhön-GrabfeldWollbach
1%
TraunsteinWonneberg
1%
KulmbachWonsees
1%
Rhön-GrabfeldWülfershausen a.d.Saale
1%
LandshutWurmsham
1%
RegenZachenberg
1%
ChamZandt
1%
Mühldorf a.InnZangberg
1%
Bad KissingenZeitlofs
1%
Dillingen a.d.DonauZiertheim
1%
Dillingen a.d.DonauZöschingen
1%
Dillingen a.d.DonauZusamaltheim
1%
Weißenburg-GunzenhausenBurgsalach
0%
Donau-RiesDaiting
0%
AnsbachDentlein a.Forst
0%
GünzburgDürrlauingen
0%
TirschenreuthEbnath
0%
Donau-RiesEderheim
0%
AugsburgEllgau
0%
AugsburgEmersacker
0%
BayreuthEmtmannsberg
0%
Freyung-GrafenauEppenschlag
0%
Neustadt a.d.Aisch-Bad WindsheimErgersheim
0%
Weißenburg-GunzenhausenEttenstatt
0%
TirschenreuthFriedenfels
0%
TirschenreuthFuchsmühl
0%
Freyung-GrafenauFürsteneck
0%
Neustadt a.d.Aisch-Bad WindsheimGallmersgarten
0%
Neustadt a.d.WaldnaabGeorgenberg
0%
Neustadt a.d.Aisch-Bad WindsheimGerhardshofen
0%
Weißenburg-GunzenhausenGnotzheim
0%
KulmbachGrafengehaig
0%
Donau-RiesHainsfarth
0%
Weißenburg-GunzenhausenHaundorf
0%
AschaffenburgHeinrichsthal
0%
Neustadt a.d.Aisch-Bad WindsheimHemmersheim
0%
AugsburgHeretsried
0%
Donau-RiesHohenaltheim
0%
Weißenburg-GunzenhausenHöttingen
0%
Donau-RiesHuisheim
0%
Neustadt a.d.WaldnaabIrchenrieth
0%
GünzburgKammeltal
0%
Neustadt a.d.WaldnaabKirchendemenreuth
0%
BayreuthKirchenpingarten
0%
Neustadt a.d.WaldnaabKirchenthumbach
0%
TirschenreuthKrummennaab
0%
GünzburgLandensberg
0%
Mühldorf a.InnLohkirchen
0%
Dillingen a.d.DonauLutzingen
0%
Donau-RiesMarxheim
0%
Donau-RiesMegesheim
0%
Donau-RiesMönchsdeggingen
0%
RegensburgMötzing
0%
Neustadt a.d.Aisch-Bad WindsheimMünchsteinach
0%
Donau-RiesMunningen
0%
GünzburgMünsterhausen
0%
Main-SpessartNeuhütten
0%
SchwandorfNiedermurach
0%
Donau-RiesNiederschönenfeld
0%
Neustadt a.d.Aisch-Bad WindsheimObernzenn
0%
TirschenreuthPechbrunn
0%
Weißenburg-GunzenhausenPfofeld
0%
BayreuthPrebitz
0%
TirschenreuthPullenreuth
0%
Weißenburg-GunzenhausenRaitenbuch
0%
Main-SpessartRechtenbach
0%
AnsbachRöckingen
0%
KitzingenRödelsee
0%
Donau-RiesRögling
0%
KitzingenRüdenhausen
0%
AnsbachRügland
0%
Neustadt a.d.WaldnaabSchirmitz
0%
Neustadt a.d.WaldnaabSchlammersdorf
0%
Freyung-GrafenauSchöfweg
0%
BayreuthSeybothenreuth
0%
Neustadt a.d.Aisch-Bad WindsheimSimmershofen
0%
Neustadt a.d.WaldnaabSpeinshart
0%
Neustadt a.d.WaldnaabStörnstein
0%
SchwandorfStulln
0%
Neustadt a.d.Aisch-Bad WindsheimSugenheim
0%
SchwandorfTeunz
0%
SchwandorfThanstein
0%
Weißenburg-GunzenhausenTheilenhofen
0%
Neustadt a.d.WaldnaabTheisseil
0%
Neustadt a.d.WaldnaabTrabitz
0%
Neustadt a.d.Aisch-Bad WindsheimTrautskirchen
0%
KronachTschirn
0%
AnsbachUnterschwaningen
0%
KelheimVolkenschwand
0%
Neustadt a.d.WaldnaabWaldthurn
0%
Bad KissingenWartmannsroth
0%
Donau-RiesWechingen
0%
AschaffenburgWesterngrund
0%
KitzingenWiesenbronn
0%
KelheimWildenberg
0%
FreisingWolfersdorf
0%
Donau-RiesWolferstadt
0%
Freyung-GrafenauZenting
0%

Verteilung der Resultate

Perzentil nach korrekt beantworteten Fragen

Anzahl Personen mit jedem Resultat

Ihre Resultats-Entwicklung

Sie haben dieses Quiz noch nicht gespielt